Le cinema d'amateur

Αποθηκεύτηκε σε:
Λεπτομέρειες βιβλιογραφικής εγγραφής
Κύριος συγγραφέας: Betton, Gerard
Μορφή: Βιβλίο
Γλώσσα:French
Δημοσίευση: Paris : Presses Universitaires de France, c1980
Σειρά:Que sais-je? ; 1838
Θέματα:
Ετικέτες: Προσθήκη ετικέτας
Δεν υπάρχουν, Καταχωρήστε ετικέτα πρώτοι!

MARC

LEADER 00000cam a2200000 i 4500
001 1/11418
008 101220s1980 fre d
020 |a 2-13-036459-4 
035 |l 10109403 
040 |a GR-MY-UA  |b gre  |e aacr 
041 0 |a fre 
082 0 |a 777  |2 (22) 
100 1 |a Betton, Gerard. 
245 1 3 |a Le cinema d'amateur /  |c Gerard Betton 
260 |a Paris :   |b Presses Universitaires de France,   |c c1980 
300 |a 127 σ.;  |c 18 εκ. 
490 1 |a Que sais-je?  |v ; 1838 
650 0 0 |a Amateur films  |x History and criticism. 
650 0 0 |a Cinematography. 
830 0 |a Que sais-je?  |v ; 1838 
852 |a INST  |b SYROS  |e 20101220  |h 777 BET  |p 005500009409  |q 005500009409  |t BK  |y 0 
901 |a BIBL5-2010-3 
909 |a Ε  |b 160606 
970 |a ΚΟΝΤΟΥ  |b ΠΑΡΑΣΚΕΥΗ  |z 2010/12/20